| 000 | 00542nam a2200181 i 4500 | ||
|---|---|---|---|
| 001 | 54888 | ||
| 003 | ES-MaACL | ||
| 005 | 20230906163037.0 | ||
| 007 | t| | ||
| 008 | 040126s1912 xxu ||||1| eng d | ||
| 100 | 1 |
_aGannett, William C. _953872 |
|
| 245 | 1 | 0 |
_aInternational good-will as a substitute for armies and navies / _cby William C. Gannett. |
| 260 |
_aBoston : _bWorld Peace Foundation, _c1912. |
||
| 300 |
_a16 p. ; _c20 cm. |
||
| 650 | 1 | 4 |
_aPaz. _915898 |
| 710 | 2 |
_aWorld Peace Foundation. _97574 |
|
| 852 |
_aES-MaACL _jT-1334-F-7 |
||
| 999 |
_c54888 _d54888 |
||